000
00474nam a2200169Ia 4500
008
110201s9999 xx 000 0 und d
082
_b
B2714
_a
KS 599
100
_a
नलगे राजाराम
245
_a
ईर्षा
260
_b
सुरेश वैदय
365
_b
35
600
_a
नलगे राजाराम
630
_a
ईर्षा
700
_a
नलगे राजाराम
730
_a
ईर्षा
942
_c
BOOK
999
_c
829567
_d
829564